Escola moderna do cavaquinho: afinaçoes: ré-sol-si-ré/ré-sol-si-mi
Bewaard in:
| Hoofdauteur: | |
|---|---|
| Formaat: | Boek |
| Taal: | Portugees |
| Gepubliceerd in: |
Río de Janeiro
Lumiar
2000
|
| Editie: | 6a. ed |
| Onderwerpen: | |
| Tags: |
Voeg label toe
Geen labels, Wees de eerste die dit record labelt!
|
MARC
| LEADER | 00000nam a2200000 a 4500 | ||
|---|---|---|---|
| 001 | UCK5712 | ||
| 003 | CL-VaPUC | ||
| 008 | 050819e20000000BL |||||||||||||||||por|d | ||
| 020 | |a 8585426446 | ||
| 082 | 0 | 4 | |a 787.87 |b CAZ |2 21 |
| 100 | 0 | |a Cazes, Henrique |e author |9 494641 | |
| 245 | 1 | 0 | |a Escola moderna do cavaquinho: afinaçoes: ré-sol-si-ré/ré-sol-si-mi |
| 250 | |a 6a. ed | ||
| 300 | |a 62 p | ||
| 942 | |c BK | ||
| 945 | |d 20050819 00:00:00 |a jcarroza | ||
| 260 | |a Río de Janeiro |b Lumiar |c 2000 | ||
| 650 | 0 | |a Instrumentos de cuerda |9 373983 | |
| 650 | 0 | |a Técnicas de ejecución |9 323937 | |
| 650 | 7 | |a CAVAQUIÑO |2 CL-VaPUC |9 494642 | |
| 583 | |a last modification |c 20050819 00:00:00 |k Rodrigo Vera | ||
| 999 | |c 314207 |d 314205 | ||
| 952 | |0 0 |1 0 |4 0 |6 787_870000000000000_CAZ_2000 |7 0 |8 A |9 386221 |a BIBING |b BIBING |d 2019-11-22 |i 4155831 |o 787.87 CAZ 2000 |p 4155831 |r 2025-01-20 |w 2019-11-22 |y BK |k EII | ||